Trouve la chanson sans les paroles ! #2 - Statistiques

Statistiques générales
  • Ce quiz a été pris 1 238 fois
  • Le résultat moyen est 127 sur 371
Statistiques - réponses
Paroles % Correct
I
90%
a
89%
you
76%
the
71%
me
64%
love
61%
to
58%
do
57%
Is
52%
no
51%
No
51%
we
51%
We
51%
go
48%
go?
48%
go)
48%
on
47%
and
45%
it
45%
your
45%
my
44%
in
43%
So
42%
this
41%
just
39%
Just
39%
se
39%
don't
38%
for
37%
can
36%
let
35%
(let
35%
man
35%
I'm
34%
life?
34%
life
34%
Queen
34%
real
33%
will
33%
Will
33%
Bohemian Rhapsody
31%
has
31%
of
31%
mamma
30%
Mamma
30%
not
30%
see
30%
time
30%
boy
29%
his
29%
Mama
29%
all
28%
But
28%
come
28%
had
28%
up
28%
If
27%
if
27%
make
27%
from
26%
never
26%
Never
26%
(never
26%
now
26%
eye?
25%
fantasy?
25%
need
25%
Oh
25%
again
24%
at
24%
cry
24%
head
24%
killed
24%
look
24%
poor
24%
Because
23%
dead
23%
eyes
23%
he's
23%
He's
23%
him
23%
Put
23%
put
23%
Too
23%
as
22%
die
22%
die?
22%
easy
22%
Easy
22%
little
22%
gun
21%
mean
21%
mia
21%
Open
21%
reality
21%
really
21%
wanna
21%
baby
20%
been
20%
begun
20%
can't
20%
escape
20%
get
20%
got
20%
leave
20%
matter
20%
think
20%
way
20%
against
19%
back
19%
trigger
19%
Any
18%
(any
18%
(Any
18%
Carry
18%
carry
18%
down
18%
loves
18%
nothing
18%
Nothing
18%
out
18%
didn't
17%
doesn't
17%
here
17%
high
17%
I've
17%
pulled
17%
sympathy
17%
tomorrow
17%
away
16%
family
16%
low
16%
skies
16%
wish
16%
born
15%
everybody
15%
(Galileo)
15%
Galileo
15%
late
15%
matters
15%
nobody
15%
right
15%
wind
15%
blows
14%
blows)
14%
face
14%
gone
14%
I'd
14%
sometimes
14%
truth
14%
Bismillah
13%
Goodbye
13%
Ooh
13%
(Ooh
13%
ooh
13%
Scaramouche
13%
behind
12%
Caught
12%
Figaro
12%
Gotta
12%
gotta
12%
magnifico
12%
very
12%
anyone
11%
landslide
10%
spine
10%
yeah
10%
yeah)
10%
aching
9%
body's
9%
devil
9%
Fandango?
9%
frightening
9%
monstrosity
9%
shivers
9%
Spare
9%
thrown
9%
lightning
8%
spit
8%
aside
7%
Sends
7%
silhouetto
7%
Thunderbolt
7%
Beelzebub
6%
outta
6%
stone
4%
Aucun quiz correspondant
Distribution des résultats
% des personnes avec chaque résultat
Percentile par nombre de réponses
Votre historique - résultats
Vous n’avez pas pris ce quiz